MDQL
is popping MORE tags! Check the
thread
!
Quizzes
Events
Quiz Creation
Community
Videos
Private Events
Remove Ads
Sign In
Join for FREE
Feedback
Dark Mode
Quiz Categories
Sports
Geography
Music
Movies
Television
Just For Fun
Miscellaneous
History
Literature
Language
Science
Gaming
Entertainment
Religion
Holiday
For Kids
Quiz Lab
Recent
Popular Today
Quiz Kudos Today
Editor Picks
Curator Picks
Quizzes by...
Day
Popularity
Type
Ratings
Length
Year
Community
Subscriptions
Recent Discussions
Orange Saloon
Badges
Playlists
Quests
Create
Leaderboards
Showdown
Live 5
Trivia Bingo
Activity
Puzzle Library
Sporcle Events
Private Events
Virtual Trivia
Globe League
Become a Host
Pub Owners
SporcleCon
Opinionation
Our Games
Videos
Blog
Mobile Apps
Partnerships
Remove Ads and Go Orange
Feedback
Music
Pop Music
The Beatles
Song
Album
Lyrics
Bands
Singers
Artist
Clip
Rock
Rap
Classical
Billboard
Country Music
Kpop
Taylor Swift
Music
Pop Music
The Beatles
Song
Album
Lyrics
Bands
Singers
Artist
Clip
Rock
Rap
Classical
Billboard
Country Music
Kpop
Taylor Swift
Random Quiz
Search Sporcle
×
Quiz Lab
Quiz Lab
Music
Song
Type in answers that appear in a list
Type in answers that appear in a list
Classic
Best Score? Go Orange.
Heathen Songs Stats
Can you name the Heathen Songs
By
Metallica88
6m
29 Questions
4 Plays
4 Plays
4 Plays
Comments
Comments
Give Quiz Kudos
Give Quiz Kudos
-
- Ratings
hide this ad
Replay
Link that replays current quiz
Next Quiz
Link to next quiz in quiz playlist
You Got
0%
They Got
Avg Score
33%
Avg Friend Score
Upgrade to see
Score Distribution
Jump to the score distribution portion of the page
Score
0/29
Timer
06:00
0
Plays Today
Hint
Answer
% Correct
Victims of Deception
Heathen's Song
75%
Victims of Deception
Kill the King
75%
The Evolution of Chaos
Intro
75%
The Evolution of Chaos
Undone
75%
Breaking the Silence
Set Me Free
50%
Breaking the Silence
Breaking the Silence
50%
Breaking the Silence
Death by Hanging
25%
Breaking the Silence
Goblin's Blade
25%
Breaking the Silence
Open the Grave
25%
Breaking the Silence
Pray for Death
25%
Breaking the Silence
World's End
25%
Breaking the Silence
Save the Skull
25%
Victims of Deception
Hypnotized
25%
Victims of Deception
Opiate of the Masses
25%
Victims of Deception
Prisoners of Fate
25%
Hint
Answer
% Correct
Victims of Deception
Fear of the Unknown
25%
Victims of Deception
Morbid Curiosity
25%
Victims of Deception
Guitarmony
25%
Victims of Deception
Mercy is No Virtue
25%
Victims of Deception
Timeless Cell of Prophecy
25%
The Evolution of Chaos
Dying Season
25%
The Evolution of Chaos
Control by Chaos
25%
The Evolution of Chaos
No Stone Unturned
25%
The Evolution of Chaos
Arrows of Agony
25%
The Evolution of Chaos
Fade Away
25%
The Evolution of Chaos
A Hero's Welcome
25%
The Evolution of Chaos
Bloodkult
25%
The Evolution of Chaos
Red Tears of Disgrace
25%
The Evolution of Chaos
Silent Nothingness
25%
Quiz Playlist
Details
Report
Send in Message
Add To Playlist
Classic:
Type in answers that appear in a list
Last Updated: Feb 16, 2017
Quiz Scoreboard
CHALLENGE
Sign Up to Join the Scoreboard
Show All
Scores
Hide
Comments
May contain spoilers
Recently Published
Image Sorting: Flags VI
by Barbecue
Geography
2m
Find the 'City' Movie
by crazypaving
Movies
60s
Colored Red Africa Blitz
by spor1
Geography
45s
More to Explore
Quiz From the Vault
Featured Blog Post
14 Easter Pick-up Lines to Find Eggs With
hide this ad
You Might Also Like...
Tags
Song Quiz
Today's Top Quizzes in Music
Browse Music
hide this ad
Today's Top Quizzes in Song
Browse Song
Top Contributed Quizzes in Music
1
5X2 Blitz: Bands II
2
5X2 Blitz: The Beatles
3
Taylor Swift All Songs (2024)
4
5X2 Blitz: Billboard
5
5X2 Blitz: Billboard II
6
5X2 Blitz: Album
7
5X2 Blitz: Rock
8
5X2 Blitz: Singers
9
Taylor Swift Logic Puzzle II
10
5X2 Blitz: Lyrics
Explore More
Trending Topics
Kpop
Marvel
Disney
NBA
Crossword
Anime
Harry Potter
The Office
WWE
Soccer
NFL
Puzzle
Country
Pokémon
Song
hide this ad
More By:
Metallica88
Quiz
Plays
Rating
Category
Featured
Created
Tom Brady's Starts
162
2.00
Sports
Sep 7, 2014
Vektor Songs
43
Music
Sep 20, 2016
Heathen Songs
4
Music
Sep 7, 2014
Go to Creator's Profile
Score Distribution
Quiz Creator Spotlight
Metallica88
Follow
Send a Message
Quizzes Created
-
Created Quiz Play Count
-
More By This Creator
Popular Quizzes Today
1
Colored Red Africa Blitz
2
Find the US States - No Outlines Minefield
3
Find the 'City' Movie
4
5x2 Blitz: Bands
5
The Countries of the World
6
Find the US States
7
Find the Countries of Europe - No Outlines Minefield
8
US States
More Music Quizzes
The #2s Billboard 200 Albums 1980s
Quiz Lab
Trending Quizzes
Colored Red Europe Blitz I
Colored Red Europe Blitz II
Colored Red Africa Blitz II
Colored Red Europe Blitz III
Colored Red Africa Blitz III
Recently Updated
How Do You Spell That?
pecheneg
Godzilla Movies
pecheneg
Grab Bag: 4-10 Letters
pecheneg
2024 March Madness Bracket
pecheneg
Famous TV Couples
Peacemaker
Champions League XIs: Real Madrid
pecheneg
Largest US Cities 1790-2010
pecheneg
Rides in Walt Disney World
pecheneg
Most Oscar Losses (Acting)
pecheneg
Beyoncé Albums
pecheneg
Trending Topics
Kpop
NBA
Marvel
Disney
Crossword
Harry Potter
Anime
Puzzle
The Office
Pokémon
Soccer
WWE
NFL
Country
Song
Your Account Isn't Verified!
In order to create a playlist on Sporcle, you need to verify the email address you used during registration. Go to your
Sporcle Settings
to finish the process.
Report this User
Report this user for behavior that violates our
Community Guidelines
.
Details:
Send Report
Go to the Sporcle.com Mobile Site →
Comments